Top U.S. Universities - Extreme - Statistics

General Stats
  • This quiz has been taken 2,671 times
    312 since last reset
  • The average score is 104 of 207
Answer Stats
State Answer % Correct
3 Massachusetts Harvard
99%
15 California Cal
98%
7 Pennsylvania Penn
97%
30 Texas Texas
97%
2 Massachusetts MIT
96%
1 New Jersey Princeton
96%
20 Michigan Michigan
95%
17 California UCLA
95%
4 Connecticut Yale
95%
32 New York NYU
94%
4 California Stanford
94%
6 Illinois Chicago
93%
26 North Carolina North Carolina
92%
15 New York Columbia
91%
7 North Carolina Duke
91%
46 Georgia Georgia
91%
42 Washington Washington
91%
11 California Cal Tech
90%
59 District of Columbia George Washington
90%
73 Indiana Indiana
90%
13 Rhode Island Brown
89%
30 Florida Florida
89%
26 Virginia Virginia
89%
36 Illinois Illinois
88%
51 Texas Texas A&M
88%
169 Mississippi Mississippi
86%
13 New Hampshire Dartmouth
85%
198 Ohio Ohio
85%
17 Tennessee Vanderbilt
85%
42 Massachusetts Boston U
84%
12 New York Cornell
84%
7 Illinois Northwestern
84%
59 Pennsylvania Penn State
84%
36 Wisconsin Wisconsin
84%
24 District of Columbia Georgetown
83%
42 Maryland Maryland
83%
28 California USC
83%
20 Missouri Washington (St. Louis)
83%
29 California UCSD
82%
97 Colorado Colorado
80%
32 Georgia Georgia Tech
80%
102 Iowa Iowa
80%
7 Maryland Johns Hopkins
80%
64 Florida Miami
79%
110 Oregon Oregon
79%
41 Ohio Ohio State
78%
169 Alabama Alabama
77%
143 Ohio Miami U
77%
102 Tennessee Tennessee
77%
64 Massachusetts Massachusetts
76%
110 Oklahoma Oklahoma
76%
17 Texas Rice
76%
42 New Jersey Rutgers
76%
69 Connecticut Connecticut
74%
143 Kentucky Kentucky
74%
102 Missouri Missouri
74%
32 California UC Irvine
74%
51 Virginia Virginia Tech
74%
127 Arizona Arizona
73%
51 Florida Florida State
73%
158 Nebraska Nebraska
73%
40 California UCSB
73%
59 Minnesota Minnesota
72%
151 Utah Utah
72%
110 Utah BYU
71%
102 Missouri Saint Louis
71%
143 Kansas Kansas
69%
20 Indiana Notre Dame
69%
127 South Carolina South Carolina
69%
20 Pennsylvania Carnegie Mellon
68%
32 California UC Davis
68%
117 Arizona Arizona State
66%
64 Michigan Michigan State
66%
132 Vermont Vermont
66%
69 Pennsylvania Pittsburgh
65%
46 Indiana Purdue
65%
183 Arkansas Arkansas
64%
36 Massachusetts Boston College
64%
169 Hawai'i Hawaii
63%
24 Georgia Emory
62%
169 Louisiana LSU
61%
88 Delaware Delaware
60%
46 Massachusetts Northeastern
60%
183 Idaho Idaho
59%
117 New Hampshire New Hampshire
59%
151 Rhode Island Rhode Island
59%
69 Louisiana Tulane
59%
64 North Carolina NC State
58%
192 Nevada Nevada
58%
46 New York Rochester
58%
75 New York Syracuse
58%
110 California San Diego
57%
198 Texas Texas Tech
57%
117 Iowa Iowa State
56%
102 Alabama Auburn
55%
75 New York Buffalo
55%
151 Colorado Colorado State
55%
143 Oregon Oregon State
55%
75 South Carolina Clemson
54%
132 Texas Houston
54%
158 Kansas Kansas State
54%
192 Washington Washington State
54%
36 Massachusetts Tufts
53%
198 Oklahoma Oklahoma State
52%
51 North Carolina Wake Forest
52%
51 Virginia William & Mary
52%
88 District of Columbia American
51%
117 Florida Central Florida
48%
88 Texas Baylor
47%
198 Georgia Georgia State
46%
88 Florida South Florida
46%
97 Texas TCU
45%
102 Pennsylvania Temple
44%
57 Pennsylvania Villanova
44%
117 Colorado Denver
43%
88 Texas SMU
43%
75 California UC Riverside
43%
46 Pennsylvania Lehigh
42%
51 Ohio Case Western
41%
158 Kentucky Louisville
41%
102 California Loyola Marymount
40%
151 Washington Seattle
40%
88 California UCSC
40%
97 Florida Florida International
39%
97 New York Fordham
39%
88 District of Columbia Howard
39%
192 Missouri Missouri S&T
39%
110 California San Francisco
39%
110 Texas UT Dallas
39%
127 New York Albany
38%
132 Illinois Loyola Chicago
38%
183 Florida Florida Atlantic
37%
102 Washington Gonzaga
37%
117 California San Diego State
37%
59 New York Stony Brook
36%
158 Ohio Cincinnati
35%
80 Pennsylvania Drexel
35%
84 California Pepperdine
35%
158 Oklahoma Tulsa
35%
88 Wisconsin Marquette
34%
73 New York Binghamton
32%
117 Virginia George Mason
32%
132 Alabama UAB
31%
57 California UC Merced
31%
117 Nebraska Creighton
30%
127 Maryland UMBC
30%
151 Virginia James Madison
29%
80 New Jersey NJIT
29%
151 New York St. John's
29%
88 New York RIT
28%
64 New York RPI
28%
139 Virginia VCU
28%
69 Massachusetts Brandeis
26%
80 Colorado Colorado Mines
26%
84 Illinois Illinois Chicago
26%
59 California Santa Clara
25%
169 Illinois DePaul
24%
158 New Jersey Seton Hall
24%
132 New York City College
23%
143 Ohio Dayton
23%
183 Iowa Drake
22%
117 North Carolina Elon
22%
198 North Carolina UNC Wilmington
21%
84 Massachusetts WPI
21%
139 California CSU Fullerton
20%
75 New Jersey Rutgers Newark
19%
151 Massachusetts UMass Lowell
19%
127 California CSU Long Beach
18%
192 North Carolina East Carolina
18%
169 Florida Florida A&M
17%
80 New Jersey Stevens Tech
17%
198 North Carolina UNC Greensboro
17%
169 District of Columbia Catholic
15%
183 New York Hofstra
15%
127 Massachusetts Clark
14%
183 Michigan Detroit Mercy
14%
139 Connecticut Fairfield
14%
117 Illinois Illinois Tech
14%
192 Indiana IU Indianapolis
14%
158 Michigan Michigan Tech
14%
139 California Pacific
14%
179 Connecticut Quinnipiac
14%
97 New Jersey Rutgers Camden
14%
158 Minnesota St. Thomas
13%
143 North Carolina UNC Charlotte
13%
183 Illinois Bradley
12%
198 Texas St. Thomas
12%
84 New York Yeshiva
12%
169 Pennsylvania Duquesne
11%
183 California Fresno State
11%
169 Georgia Mercer
11%
169 New Jersey Rowan
10%
179 Alabama Samford
10%
132 Pennsylvania Thomas Jefferson
9%
198 District of Columbia Gallaudet
8%
158 New Jersey Montclair State
8%
198 Indiana Valparaiso
8%
179 Michigan Wayne State
8%
143 New York Clarkson
7%
110 California Chapman
6%
158 New Jersey Stockton
6%
198 New York Adelphi
5%
158 New York SUNY ESF
4%
179 California CSU San Bernardino
3%
183 Massachusetts Simmons
3%
143 New York Touro
3%
192 New York St. John Fisher
2%
No matching quizzes found
Score Distribution
Percent of People with Each Score
Percentile by Number Answered
Your Score History
You have not taken this quiz since the last reset